000 00340nam a2200121Ia 4500
008 190216s9999||||xx |||||||||||||| ||und||
100 _aProf.Robert Waldersee
245 0 _aStrategic Analysis A Guide To Practice
260 _bTata Mcgraw-Hill Education Private Limited
_c2011
300 _a198
650 _aStrategic Management
942 _cBK
999 _c7931
_d7931